000 00659nam a2200205Ia 4500
003 IN-BaIIA
008 211028s9999 xx 000 0 eng d
020 _a0-7923-2793-4
040 _cIIA Library
080 _a52(082.2)
_bASS-189
100 _aStenflo, Jan Olof
_919303
245 0 _aSolar magnetic fields
_bpolarized radiation diagnostics
_cJan Olof Stenflo
260 _aDordrecht
_bKluwer Academic
_c1994
300 _axv, 385p.
490 _aAstrophysics and space science library; v. 189
650 _aMagnetic fields
_9530
650 _aSolar magnetism
_930104
650 _aSolar physics
942 _cBK
999 _c16271
_d16271